| 000 | 02828nam a22002417a 4500 | ||
|---|---|---|---|
| 003 | UA-OsUOA | ||
| 005 | 20210804122249.0 | ||
| 008 | 210804b un ||||| |||| 00| 0 ukr d | ||
| 040 |
_aUA-OsUOA _bukr _cUA-OsUOA _dUA-OsUOA |
||
| 041 | _aukr | ||
| 080 | _a343.34:344.131(477) | ||
| 090 | _a343.34:344.131(477) | ||
| 095 |
_a12.00.08 _bкримінальне право та кримінологія кримінально-виконавче право |
||
| 100 | _aКурилюк Ю. Б. | ||
| 245 |
_aКримінальна відповідальність за порушення правил несення прикордонної служби _cКурилюк Юрій Богданович ; наук. керівник Карпенко Микола Іванович |
||
| 260 |
_aЗапоріжжя _c2014 |
||
| 300 | _a20 с. | ||
| 502 |
_6Автореферат дисертації на здобуття наукового ступеня кандидата юридичних наук
_cКласичний приватний університет _d2014 |
||
| 520 | _aДисертація є першим у сучасній Україні комплексним дослідженням проблем кримінально-правової відповідальності за порушення правил несення прикордонної служби. У роботі вперше проаналізовано джерела й сучасний стан суспільних відносин, що стосуються кримінальної відповідальності за порушення правил несення прикордонної служби на теренах Української держави, здійснено порівняльно-правову характеристику цього злочину за законодавством України та деяких закордонних держав. Визначено поняття та суспільну небезпечність злочинного порушення правил несення прикордонної служби, досліджено об’єктивні та суб’єктивні ознаки злочину, передбаченого ст. 419 КК, розглянуто проблеми призначення покарання за вчинення цього злочину, а також виявлено недоліки чинного законодавства про кримінальну відповідальність в досліджуваній сфері та запропоновано шляхи їх усунення. | ||
| 650 |
_2UDC _a343 Кримінальне право. Карні порушення |
||
| 942 |
_2udc _cAR |
||
| 955 | _a1 | ||
| 999 |
_c571106 _d571106 |
||